000 00418nam a2200157Ia 4500
008 191201s2012 xx 000 0 und d
020 _a9789357461306
082 _a629.892 NII
100 _aNIKU, Saeed B
245 0 _aIntroduction to Robotics Analysis, Control, Applications
250 _a3rd Ed
260 _aN. Delhi
_bWiley Dreautech India
_c2012
300 _a466
650 _aM.Tech (ME)
942 _2ddc
_cBK
999 _c13400
_d13400